000
00323nam a22001337a 4500
008
250106b |||||||| |||| 00| 0 eng d
020
_a
9780273708780
050
_a
HD30.28
_b
.K63
100
_a
KOCH, Richard
245
_a
Simply Strategy
260
_a
Greit Britain
_b
Prentice Hall
_c
2006
300
_a
xiv,210p
942
_c
BK
999
_c
1876
_d
1876